[Event "SVR-ch MT-B"]
[Site "Heimbach Weis"]
[Date "2017.04.08"]
[Round "3"]
[White "Leinen, Willi"]
[Black "Scholtes, Benedikt"]
[Result "1/2-1/2"]
[WhiteElo "1926"]
[BlackElo "2009"]
[PlyCount "43"]
[EventDate "2017.04.07"]
[EventType "tourn"]
[EventRounds "9"]
[EventCountry "GER"]
[SourceTitle "EXT 2020"]
[Source "ChessBase"]
[SourceDate "2019.10.17"]
[SourceVersion "1"]
[SourceVersionDate "2019.10.17"]
[SourceQuality "1"]

1. d4 d5 2. Nf3 Nf6 3. Bf4 e6 4. e3 c5 5. c3 Qb6 6. Qc2 Nc6 7. Nbd2 Bd7 8. Bd3 Rc8 9. Qb3 Qxb3 10. axb3 a6 11. h3 h6 12. Bh2 g5 13. Ne5 cxd4 14. exd4 Bg7 15. g4 Nxe5 16. Bxe5 Ke7 17. Ke2 Ne8 18. Nf3 f6 19. Bg3 Nd6 20. Rae1 Rc6 21. Nd2 e5 22. Kd1 1/2-1/2

[Event "SVR-ch MTB"]
[Site "Trier"]
[Date "2016.03.26"]
[Round "7"]
[White "Leinen, Willi"]
[Black "Hein, Ralf"]
[Result "1-0"]
[WhiteElo "1851"]
[BlackElo "1944"]
[PlyCount "75"]
[EventDate "2016.03.19"]
[EventType "tourn"]
[EventRounds "7"]
[EventCountry "GER"]
[SourceTitle "CBM 171 Extra"]
[Source "ChessBase"]
[SourceDate "2016.04.26"]
[SourceVersion "1"]
[SourceVersionDate "2016.04.26"]
[SourceQuality "1"]

1. d4 Nf6 2. c4 g6 3. Nc3 Bg7 4. e4 d6 5. h3 0-0 6. g4 e5 7. d5 c6 8. Nge2 cxd5 9. cxd5 h5 10. f3 b5 11. Nxb5 Nxe4 12. fxe4 Qh4+ 13. Kd2 f5 14. Qe1 Qd8 15. gxf5 Qb6 16. Nec3 a6 17. Na3 Rxf5 18. exf5 Qd4+ 19. Bd3 Bxf5 20. Qe2 e4 21. Nxe4 Nd7 22. Nc2 Qxd5 23. Nb4 Qa5 24. a3 Re8 25. Qg2 Ne5 26. Nc3 Nxd3 27. Nxd3 Bxc3+ 28. bxc3 Bxd3 29. Kxd3 Qf5+ 30. Kd2 Re5 31. c4 Qf4+ 32. Kc3 Qf6 33. Kb3 d5 34. c5 Qc6 35. Qc2 Qb5+ 36. Ka2 Re2 37. Qxe2 Qxe2+ 38. Bb2 1-0

[Event "SVR-ch MTB"]
[Site "Trier"]
[Date "2016.03.24"]
[Round "4"]
[White "Neisen, Frederick"]
[Black "Leinen, Willi"]
[Result "1-0"]
[WhiteElo "1969"]
[BlackElo "1851"]
[PlyCount "83"]
[EventDate "2016.03.19"]
[EventType "tourn"]
[EventRounds "7"]
[EventCountry "GER"]
[SourceTitle "CBM 171 Extra"]
[Source "ChessBase"]
[SourceDate "2016.04.26"]
[SourceVersion "1"]
[SourceVersionDate "2016.04.26"]
[SourceQuality "1"]

1. Nf3 d5 2. c4 c6 3. d4 Nf6 4. e3 e6 5. Nc3 Nbd7 6. Qc2 a6 7. b3 Bd6 8. Bd3 b5 9. e4 dxe4 10. Nxe4 Be7 11. 0-0 Bb7 12. Bf4 Nxe4 13. Bxe4 f5 14. Bd3 g5 15. Be5 Nxe5 16. Nxe5 Qxd4 17. Rfe1 0-0 18. Rad1 Qa7 19. Nd7 Rf7 20. Rxe6 Bc8 21. Bxf5 Bxd7 22. Rxd7 Qxd7 23. Rg6+ hxg6 24. Bxd7 Rf6 25. cxb5 axb5 26. Bxc6 Raf8 27. Bxb5 Kg7 28. h3 Rf5 29. Bd3 Rc5 30. Qe2 Rc1+ 31. Kh2 Bd6+ 32. g3 Bc5 33. Qb2+ Kh6 34. Qxc1 Rxf2+ 35. Kh1 Bd4 36. h4 Bf6 37. Qc5 Rxa2 38. Qf8+ Bg7 39. hxg5+ Kh7 40. Qf7 Rd2 41. Qxg6+ Kg8 42. Bc4+ 1-0

[Event "SVR-ch MAT-II 35th"]
[Site "Nickenich"]
[Date "2012.04.05"]
[Round "7"]
[White "Hirschmann, Jakob"]
[Black "Leinen, Willi"]
[Result "1-0"]
[WhiteElo "1792"]
[BlackElo "1818"]
[PlyCount "83"]
[EventDate "2012.03.30"]
[EventType "tourn"]
[EventRounds "9"]
[EventCountry "GER"]
[SourceTitle "EXT 2013"]
[Source "ChessBase"]
[SourceDate "2012.11.22"]
[SourceVersion "1"]
[SourceVersionDate "2012.11.22"]
[SourceQuality "1"]

1. e4 e5 2. Nf3 Nc6 3. Bc4 Bc5 4. d3 Nf6 5. c3 a6 6. Bb3 d6 7. Nbd2 Ba7 8. 0-0 Bg4 9. h3 Bh5 10. Re1 Qe7 11. Nf1 0-0-0 12. Ng3 Bg6 13. Ba4 Nb8 14. b4 h5 15. Nh4 Nxe4 16. Nxe4 Qxh4 17. Bg5 Bxf2+ 18. Kh1 Bxe1 19. Bxh4 Bxh4 20. b5 f5 21. Nd2 e4 22. dxe4 fxe4 23. Nf1 Bf6 24. Qb3 axb5 25. Bxb5 c6 26. Be2 Rd7 27. a4 Bf7 28. Qb4 d5 29. a5 Be7 30. Qb2 Rc7 31. Ne3 Be6 32. Rb1 Kd7 33. Rd1 Rh6 34. c4 Bf6 35. Qb1 Bg5 36. cxd5 cxd5 37. Nxd5 Bxd5 38. Rxd5+ Rd6 39. Rxg5 g6 40. Qxe4 Re6 41. Rd5+ Ke7 42. Re5 1-0

[Event "SVR-ch MAT-II 35th"]
[Site "Nickenich"]
[Date "2012.04.01"]
[Round "5"]
[White "Ley, Reinhard"]
[Black "Leinen, Willi"]
[Result "0-1"]
[WhiteElo "1597"]
[BlackElo "1818"]
[PlyCount "62"]
[EventDate "2012.03.30"]
[EventType "tourn"]
[EventRounds "9"]
[EventCountry "GER"]
[SourceTitle "EXT 2013"]
[Source "ChessBase"]
[SourceDate "2012.11.22"]
[SourceVersion "1"]
[SourceVersionDate "2012.11.22"]
[SourceQuality "1"]

1. d4 d5 2. Nf3 Nf6 3. e3 e6 4. Bd3 c5 5. c3 Nc6 6. Nbd2 Bd6 7. 0-0 0-0 8. Qe2 e5 9. dxe5 Nxe5 10. Nxe5 Bxe5 11. Nf3 Bc7 12. Rd1 Qe7 13. b3 Ne4 14. Bb2 Bg4 15. h3 Bh5 16. g4 Bg6 17. Bc2 Rad8 18. c4 Qe6 19. cxd5 Rxd5 20. Rxd5 Qxd5 21. Rd1 Qc6 22. Ne5 Bxe5 23. Bxe5 Ng5 24. Bxg6 Nf3+ 25. Kf1 Nxe5 26. Bxh7+ Kxh7 27. Qc2+ g6 28. e4 Re8 29. Rd5 Nd7 30. Qc4 Nb6 31. Rh5+ Kg8 0-1

[Event "SVR-ch MAT-II 34th"]
[Site "Reil"]
[Date "2011.04.21"]
[Round "7"]
[White "Leinen, Willi"]
[Black "Mallmann, Bernd"]
[Result "1/2-1/2"]
[WhiteElo "1907"]
[BlackElo "1915"]
[PlyCount "77"]
[EventDate "2011.04.15"]
[EventType "tourn"]
[EventRounds "9"]
[EventCountry "GER"]
[SourceTitle "EXT 2013"]
[Source "ChessBase"]
[SourceDate "2012.11.22"]
[SourceVersion "1"]
[SourceVersionDate "2012.11.22"]
[SourceQuality "1"]

1. e4 c5 2. Nf3 Nc6 3. d4 cxd4 4. c3 dxc3 5. Nxc3 e6 6. Bc4 Bb4 7. 0-0 Bxc3 8. bxc3 Nge7 9. Bg5 0-0 10. Qe2 Qa5 11. Rac1 d5 12. Bb3 dxe4 13. Qxe4 Ng6 14. Rfe1 h6 15. Bd2 Bd7 16. Rcd1 Qc7 17. h4 Na5 18. Bc2 Bc6 19. Qg4 Bxf3 20. gxf3 Nc4 21. Bc1 Nce5 22. Qg3 Nxh4 23. Rxe5 Nxf3+ 24. Qxf3 Qxe5 25. Qxb7 Qe2 26. Bb3 Rab8 27. Qd7 Rb5 28. Qd3 Qg4+ 29. Qg3 Qh5 30. Rd4 g5 31. c4 Rf5 32. Bd1 Qg6 33. Ba3 Qf6 34. Rd7 Rc8 35. c5 Rf4 36. Qe3 Qf5 37. Kg2 Re4 38. Qf3 Rf4 39. Qe3 1/2-1/2

[Event "Rheinland Pfalz op 2nd"]
[Site "Schweich"]
[Date "2010.07.17"]
[Round "5"]
[White "Leinen, Willi"]
[Black "Mueller, Matthias2222"]
[Result "1/2-1/2"]
[WhiteElo "1806"]
[BlackElo "2001"]
[PlyCount "39"]
[EventDate "2010.07.16"]
[EventType "swiss"]
[EventRounds "7"]
[EventCountry "GER"]
[SourceTitle "EXT 2012"]
[Source "ChessBase"]
[SourceDate "2011.11.24"]
[SourceVersion "1"]
[SourceVersionDate "2011.11.24"]
[SourceQuality "1"]

1. d4 Nf6 2. Nf3 c5 3. e3 cxd4 4. exd4 d5 5. Bd3 Nc6 6. c3 Bg4 7. Bf4 e6 8. Nbd2 Bd6 9. Bxd6 Qxd6 10. Qe2 a6 11. h3 Bh5 12. g4 Bg6 13. Bxg6 hxg6 14. Ne5 Qc7 15. Ndf3 Nxe5 16. Nxe5 Nd7 17. f4 Nxe5 18. fxe5 Qe7 19. 0-0-0 0-0-0 20. Qf2 1/2-1/2

[Event "Rheinland Pfalz op 2nd"]
[Site "Schweich"]
[Date "2010.07.16"]
[Round "2"]
[White "Hibberd, Nigel"]
[Black "Leinen, Willi"]
[Result "1/2-1/2"]
[WhiteElo "1542"]
[BlackElo "1806"]
[PlyCount "59"]
[EventDate "2010.07.16"]
[EventType "swiss"]
[EventRounds "7"]
[EventCountry "GER"]
[SourceTitle "EXT 2012"]
[Source "ChessBase"]
[SourceDate "2011.11.24"]
[SourceVersion "1"]
[SourceVersionDate "2011.11.24"]
[SourceQuality "1"]

1. e4 c5 2. b3 d6 3. Bb2 Nd7 4. Nf3 Ngf6 5. d3 g6 6. Be2 Bg7 7. 0-0 0-0 8. Nbd2 a6 9. a4 b6 10. Nc4 Bb7 11. Ne3 b5 12. axb5 axb5 13. Rxa8 Qxa8 14. c4 b4 15. h3 Qa7 16. e5 Nh5 17. d4 Nf4 18. dxc5 Nxe2+ 19. Qxe2 dxe5 20. Nd5 Bxd5 21. cxd5 Qxc5 22. Rd1 Qd6 23. Ng5 Nc5 24. Qc4 h6 25. Nf3 Nd7 26. Ne1 Rb8 27. Nc2 Rb6 28. Ne3 f5 29. Qc8+ Nf8 30. Qc4 1/2-1/2

[Event "Rheinland Pfalz op 2nd"]
[Site "Schweich"]
[Date "2010.07.16"]
[Round "1"]
[White "Leinen, Willi"]
[Black "Schulze, Ulrich"]
[Result "0-1"]
[WhiteElo "1806"]
[BlackElo "2320"]
[PlyCount "70"]
[EventDate "2010.07.16"]
[EventType "swiss"]
[EventRounds "7"]
[EventCountry "GER"]
[SourceTitle "EXT 2012"]
[Source "ChessBase"]
[SourceDate "2011.11.24"]
[SourceVersion "1"]
[SourceVersionDate "2011.11.24"]
[SourceQuality "1"]

1. d4 Nf6 2. Nf3 g6 3. e3 Bg7 4. Bd3 d6 5. Nbd2 Nbd7 6. b3 e5 7. 0-0 0-0 8. Bb2 Re8 9. dxe5 Ng4 10. c4 Ngxe5 11. Nxe5 Nxe5 12. Bxe5 Rxe5 13. Rc1 Bd7 14. Qe2 Qe7 15. Rfe1 Re8 16. e4 Bc6 17. f3 f5 18. Qf2 Bh6 19. Rcd1 b6 20. Kf1 Bxd2 21. Qxd2 fxe4 22. Bxe4 Bxe4 23. fxe4 Rxe4 24. Rxe4 Qxe4 25. Re1 Qxe1+ 26. Qxe1 Rxe1+ 27. Kxe1 Kf7 28. Ke2 Ke6 29. Kd3 d5 30. b4 c5 31. bxc5 bxc5 32. cxd5+ Kxd5 33. a4 c4+ 34. Kc3 a5 35. h3 h5 0-1

[Event "Rheinland Pfalz op 2nd"]
[Site "Schweich"]
[Date "2010.07.16"]
[Round "3"]
[White "Leinen, Willi"]
[Black "Willmes, Alexander"]
[Result "1/2-1/2"]
[WhiteElo "1806"]
[BlackElo "1574"]
[PlyCount "75"]
[EventDate "2010.07.16"]
[EventType "swiss"]
[EventRounds "7"]
[EventCountry "GER"]
[SourceTitle "EXT 2012"]
[Source "ChessBase"]
[SourceDate "2011.11.24"]
[SourceVersion "1"]
[SourceVersionDate "2011.11.24"]
[SourceQuality "1"]

1. d4 d5 2. Nf3 Nf6 3. e3 e6 4. Bd3 Be7 5. 0-0 0-0 6. Nbd2 b6 7. Ne5 c5 8. b3 Bb7 9. Bb2 Nbd7 10. f4 Ne4 11. c4 f5 12. Ndf3 Rc8 13. Rc1 Ndf6 14. Qe2 Bd6 15. Rc2 a5 16. Rfc1 Qe7 17. cxd5 Nxd5 18. a3 cxd4 19. Rxc8 Rxc8 20. Rxc8+ Bxc8 21. Bxd4 Bxa3 22. Bxe4 fxe4 23. Ng5 Bc5 24. Qc2 Nxe3 25. Qxe4 Nf5 26. Bf2 Bb7 27. Qc4 Bd5 28. Qc2 h6 29. Ngf3 Nd6 30. Bxc5 bxc5 31. Qxc5 Qd8 32. Nc6 Nb7 33. Qb5 Bxc6 34. Qxc6 Qd1+ 35. Kf2 Qxb3 36. Ne5 Qb2+ 37. Kg3 Qb3+ 38. Kf2 1/2-1/2

[Event "RLP-ch MTB 27th"]
[Site "Hoeheinoed"]
[Date "2008.07.04"]
[Round "6"]
[White "Hennrich, Reinhard"]
[Black "Leinen, Willi"]
[Result "1/2-1/2"]
[WhiteElo "1864"]
[BlackElo "1524"]
[PlyCount "35"]
[EventDate "2008.06.27"]
[EventType "swiss"]
[EventRounds "7"]
[EventCountry "GER"]
[SourceTitle "EXT 2009"]
[Source "ChessBase"]
[SourceDate "2008.11.26"]
[SourceVersion "1"]
[SourceVersionDate "2008.11.26"]
[SourceQuality "1"]

1. d4 d5 2. Nf3 Nf6 3. c4 c6 4. cxd5 cxd5 5. Nc3 Nc6 6. Bg5 Ne4 7. Bf4 e6 8. a3 Qa5 9. Qa4 Nxc3 10. Qxa5 Nxa5 11. bxc3 Nc4 12. Bc1 Bd7 13. Nd2 b5 14. a4 Bd6 15. axb5 Bxb5 16. e4 Kd7 17. Nxc4 dxc4 18. g3 1/2-1/2

[Event "RLP-ch MTB 27th"]
[Site "Hoeheinoed"]
[Date "2008.06.29"]
[Round "5"]
[White "Leinen, Willi"]
[Black "Mandery, Peter"]
[Result "1/2-1/2"]
[WhiteElo "1524"]
[BlackElo "1966"]
[PlyCount "36"]
[EventDate "2008.06.27"]
[EventType "swiss"]
[EventRounds "7"]
[EventCountry "GER"]
[SourceTitle "EXT 2009"]
[Source "ChessBase"]
[SourceDate "2008.11.26"]
[SourceVersion "1"]
[SourceVersionDate "2008.11.26"]
[SourceQuality "1"]

1. d4 Nf6 2. Nf3 e6 3. Bg5 h6 4. Bh4 d5 5. e3 Be7 6. Bd3 0-0 7. 0-0 c5 8. c3 Nc6 9. Nbd2 b6 10. Ne1 Bb7 11. f4 cxd4 12. exd4 a6 13. Nef3 b5 14. Ne5 Rc8 15. Bxf6 Bxf6 16. Ndf3 Qd6 17. Qe1 Rb8 18. g4 Bxe5 1/2-1/2

[Event "RLP-ch MTB 27th"]
[Site "Hoeheinoed"]
[Date "2008.06.28"]
[Round "3"]
[White "Leinen, Willi"]
[Black "Klotz, Elmar"]
[Result "0-1"]
[WhiteElo "1524"]
[BlackElo "1855"]
[PlyCount "46"]
[EventDate "2008.06.27"]
[EventType "swiss"]
[EventRounds "7"]
[EventCountry "GER"]
[SourceTitle "EXT 2009"]
[Source "ChessBase"]
[SourceDate "2008.11.26"]
[SourceVersion "1"]
[SourceVersionDate "2008.11.26"]
[SourceQuality "1"]

1. e4 Nc6 2. Nf3 g6 3. d4 Bg7 4. Nc3 d6 5. Bc4 Nf6 6. d5 Nb8 7. 0-0 0-0 8. h3 Nbd7 9. Nh2 Nc5 10. Bd3 c6 11. Ng4 Nxg4 12. hxg4 Nxd3 13. cxd3 cxd5 14. Nxd5 e6 15. Nc3 b6 16. d4 Qh4 17. f3 f5 18. gxf5 gxf5 19. Be3 f4 20. Bf2 Qg5 21. d5 Rf6 22. Be1 Rg6 23. Qd2 Bd4+ 0-1